[Event "EU-ch 23rd"]
[Site "Vrnjacka Banja"]
[Date "2023.03.03"]
[Round "1"]
[White "Korobov, Anton"]
[Black "Bazakutsa, Svyatoslav"]
[Result "1-0"]
[WhiteElo "2658"]
[BlackElo "2335"]
[PlyCount "77"]
[EventDate "2023.03.03"]
[EventType "swiss"]
[EventRounds "11"]
[EventCountry "SRB"]
[SourceTitle "CBM 213"]
[Source "ChessBase"]
[SourceDate "2023.04.30"]
[SourceVersion "1"]
[SourceVersionDate "2023.04.30"]
[SourceQuality "1"]

1. d4 Nf6 2. c4 g6 3. Nc3 Bg7 4. e4 d6 5. Be2 0-0 6. Nf3 e5 7. 0-0 exd4 8. Nxd4 Re8 9. f3 c6 10. Kh1 d5 11. exd5 cxd5 12. Bg5 Nc6 13. Nxc6 bxc6 14. cxd5 cxd5 15. Rc1 Qb6 16. Na4 Qd6 17. Bd3 h6 18. Bh4 Nh5 19. b3 Be5 20. Bb5 Bd7 21. Bxd7 Qxd7 22. Bf2 Qd6 23. g3 Ng7 24. Nc3 Bxc3 25. Rxc3 Qa6 26. a4 Nf5 27. Qd3 Qb7 28. Rfc1 d4 29. Rc7 Qd5 30. R1c5 Qe6 31. g4 Ne3 32. R5c6 Qd5 33. Rxg6+ Kf8 34. Rf6 Rac8 35. Rxc8 Nxg4 36. Rxe8+ Kxe8 37. Qxd4 Nxf6 38. Qxf6 Qxb3 39. Qc6+ 1-0

[Event "Cambridge op"]
[Site "Cambridge"]
[Date "2023.02.18"]
[Round "8"]
[White "Czopor, Maciej"]
[Black "Bazakutsa, Svyatoslav"]
[Result "1-0"]
[WhiteElo "2412"]
[BlackElo "2330"]
[PlyCount "131"]
[EventDate "2023.02.15"]
[EventType "swiss"]
[EventRounds "9"]
[EventCountry "ENG"]
[SourceTitle "CBM 212 Extra"]
[Source "ChessBase"]
[SourceDate "2023.03.31"]
[SourceVersion "1"]
[SourceVersionDate "2023.03.31"]
[SourceQuality "1"]

1. e4 c5 2. Nf3 Nc6 3. Bb5 e6 4. 0-0 Nd4 5. Nxd4 cxd4 6. c3 a6 7. Be2 Bc5 8. Na3 d5 9. cxd4 Ba7 10. d3 Ne7 11. Nc2 0-0 12. Be3 Bd7 13. Qd2 Bc6 14. Bf3 Qd7 15. Rac1 Rac8 16. Rfd1 Rfd8 17. Qe1 h6 18. h4 Rc7 19. Bf4 Rcc8 20. h5 Bb5 21. b3 Bb6 22. a4 Bc6 23. Qb4 Ba7 24. Ne3 Kh8 25. Ng4 f6 26. Bg3 Ng8 27. e5 f5 28. Ne3 b5 29. Bh4 Rf8 30. a5 Bb7 31. Rxc8 Qxc8 32. Kh2 Rf7 33. g3 Qe8 34. Ng2 Ne7 35. Bxe7 Qxe7 36. Qxe7 Rxe7 37. Nf4 Kg8 38. Rc1 Kf7 39. Ng6 Rd7 40. g4 Bxd4 41. gxf5 exf5 42. Kg3 Bb2 43. Rc2 Ba3 44. Kf4 Ke6 45. d4 Bb4 46. Bg2 Rf7 47. Ke3 Rd7 48. Bh3 Bxa5 49. Nf8+ Ke7 50. Nxd7 Kxd7 51. Bxf5+ Kd8 52. f4 Bb4 53. Rg2 Bf8 54. Bd3 Bc6 55. Rg6 Kd7 56. f5 a5 57. f6 gxf6 58. Bf5+ Kc7 59. exf6 a4 60. bxa4 bxa4 61. Rg8 a3 62. Bb1 Bd6 63. f7 Bb5 64. f8Q Bxf8 65. Rxf8 Bc4 66. Ra8 1-0